Eurovision Song Contest winners (1956-2024) - Statistics

General Stats
  • This quiz has been taken 518 times
    211 since last reset
  • The average score is 65 of 68
Answer Stats
Hint Answer % Correct
1969 France, Spain, The Netherlands and United Kingdom
99%
1956 Switzerland
99%
1988 Switzerland
99%
2024 Switzerland
99%
1974 Sweden
98%
1984 Sweden
98%
1991 Sweden
98%
1999 Sweden
98%
2012 Sweden
98%
2015 Sweden
98%
2023 Sweden
98%
1967 United Kingdom
98%
1976 United Kingdom
98%
1981 United Kingdom
98%
1997 United Kingdom
98%
1970 Ireland
97%
1980 Ireland
97%
1987 Ireland
97%
1992 Ireland
97%
1993 Ireland
97%
1994 Ireland
97%
1996 Ireland
97%
1964 Italy
97%
1990 Italy
97%
2021 Italy
97%
2004 Ukraine
97%
2016 Ukraine
97%
2022 Ukraine
97%
1978 Israel
96%
1979 Israel
96%
1998 Israel
96%
2018 Israel
96%
1985 Norway
96%
1995 Norway
96%
2009 Norway
96%
1957 The Netherlands
96%
1959 The Netherlands
96%
1975 The Netherlands
96%
2019 The Netherlands
96%
1966 Austria
95%
2014 Austria
95%
1958 France
95%
1960 France
95%
1962 France
95%
1977 France
95%
1982 Germany
95%
2010 Germany
95%
2006 Finland
94%
2017 Portugal
94%
2008 Russia
94%
1968 Spain
94%
1963 Denmark
93%
2000 Denmark
93%
2013 Denmark
93%
2005 Greece
93%
1961 Luxembourg
93%
1965 Luxembourg
93%
1972 Luxembourg
93%
1973 Luxembourg
93%
1983 Luxembourg
93%
2001 Estonia
92%
2007 Serbia
92%
2002 Latvia
90%
2003 Turkey
89%
2011 Azerbaijan
88%
1986 Belgium
86%
1989 Yugoslavia
84%
1971 Monaco
79%
No matching quizzes found
Score Distribution
Percent of People with Each Score
Percentile by Number Answered
Your Score History
You have not taken this quiz since the last reset